Chronologie des patriarches melchites d'Antioche de 1250 à 1500 /
محفوظ في:
المؤلف الرئيسي:
التنسيق: كتاب
اللغة: French
منشور في:
Jérusalem :
[publisher not identified],
1968.
الموضوعات:
الوسوم: إضافة وسم
لا توجد وسوم, كن أول من يضع وسما على هذه التسجيلة!
رقم الطلب: BX430 .N37 1968
| LEADER | 00795nam a22002411i 4500 | ||
|---|---|---|---|
| 001 | 8672 | ||
| 003 | OSt | ||
| 005 | 20251102095033.0 | ||
| 008 | 130303s1968 jz h b 000 0 fre d | ||
| 010 | |a 72289597 | ||
| 040 | |c ARCE Library | ||
| 043 | |a aw----- | ||
| 050 | 4 | |a BX430 .N37 1968 | |
| 100 | 1 | |a Nasrallah, Joseph, |e author | |
| 245 | 1 | 0 | |a Chronologie des patriarches melchites d'Antioche de 1250 à 1500 / |c Joseph Nasrallah. |
| 264 | 1 | |a Jérusalem : |b [publisher not identified], |c 1968. | |
| 300 | |a viii, 52 pages : |b facsimiles ; |c 24 cm. | ||
| 500 | |a "Bulletin de la paroisse grecque-catholique Saint-Julien le Pauvre. Numéro special, Pâques 1969" | ||
| 504 | |a Bibliography : page 38. | ||
| 610 | 2 | 0 | |a Antioch (Orthodox patriarchate) |
| 901 | |a reviewed | ||
| 942 | |c BK |2 lcc | ||
| 999 | |c 4153 |d 4153 | ||
